01372 2200397 4500001002100000005001500021035002000036007000300056008004100059020002200100082001200122084001400134100003700148245019700185250003000382300005400412650002500466700002600491700003100517700004700548700003000595700003500625700002700660700003600687504002500723264003400748336002100782337003000803338002300833040002200856090002100878850001200899999002100911990002100932990002100953INLIS00000000088964920241125100137 a0010-0824000212ta240806s2015 yoia g eng d a978-602-9276-56-504223a361 a361 MUH s0 aMuhamad Fadhil NurdinePengarang10aSociology and welfare development /cMuhamad Fadhil Nurdin, Ali Maksum, Indri Indarwati, Agung Mahesa Himawan Dorojatoen, Forina Lestari, Mohd Haizzan Yahaya, Hery Wibowo, Mohd Taufik Mohammad aFirst Published, May 2015 axvi, 156 halaman :btabel, gambar, bagan ;c24 cm 4aKesejahteraan sosial0 aAli MaksumePengarang0 aIndri IndarwatiePengarang0 aAgung Mahesa Himawan DorojatoenePengarang0 aForina LestariePengarang0 aMohd Haizzan YahayaePengarang0 aHery WibowoePengarang0 aMohd Taufik MohammadePengarang aTermasuk bibliografi31aBantul :bSamudra Biru,c2015 2rdacontentateks 2rdamediaatanpa perantara 2rdacarrieravolume aYOPDYOGbinderda aCB-D.11 2015-380 aYOPDYOG aCB-D.11/2015-380 aCB-D.11/2015-801 aCB-D.11/2015-380